000 00388cam a22001217a 4500
008 180718b1983 xxu||||| |||| 00| 0 eng d
082 _aA81x54 In2/71/8/PT9
100 _aCensus of India 1971
245 _aJammu and Kashmir: census atlas
260 _aDelhi
_bThe Controller of Publications
_c1983
300 _a322+p.
440 _aCensus of India 1971. Series-8, Jammu and Kashmir. Part IX
999 _c485099
_d485099